Syntetyczna ocena sytuacji gospodarczej w okresie od stycznia do maja 1992 r. wraz z elementami prognozy.
Z prác varšavského Centrálneho plánovacieho úradu. Priaznivé zmeny niektorých tendencií v poľskej ekonomike. Negatívne javy ohrozujúce stabilizáciu a oživenie. Základné ukazovatele a prognóza hospodárskej situácie na r. 1992. Ekonomické javy nedajúce sa jednoznačne hodnotiť.
Salvato in:
| Autore principale: | |
|---|---|
| Natura: | Capitolo di libro |
| Lingua: | polacco |
| Soggetti: | |
| Tags: |
Nessun Tag, puoi essere il primo ad aggiungerne!!
|
MARC
| LEADER | 00000naa a2200000 4500 | ||
|---|---|---|---|
| 001 | r009665 | ||
| 005 | 20221125123029.3 | ||
| 041 | 0 | |a pol | |
| 044 | |a PL | ||
| 245 | 1 | 0 | |a Syntetyczna ocena sytuacji gospodarczej w okresie od stycznia do maja 1992 r. wraz z elementami prognozy. |c T. Chroscicki |
| 520 | |a Z prác varšavského Centrálneho plánovacieho úradu. Priaznivé zmeny niektorých tendencií v poľskej ekonomike. Negatívne javy ohrozujúce stabilizáciu a oživenie. Základné ukazovatele a prognóza hospodárskej situácie na r. 1992. Ekonomické javy nedajúce sa jednoznačne hodnotiť. | ||
| 610 | 2 | 0 | |a hospodárstvo národné |
| 610 | 2 | 0 | |a PR |
| 610 | 2 | 0 | |a 1992 |
| 610 | 2 | 0 | |a údaje štatistické |
| 610 | 2 | 0 | |a stabilizácia hospodárstva |
| 610 | 2 | 0 | |a ukazovatele ekonomické |
| 610 | 2 | 0 | |a prognózy |
| 100 | 1 | |a Chroscicki, T. | |